Á lódáil...

Guns, germs and steel: a short history of everybody for the last thirteen thousand years

Sonraí Bibleagrafaíochta
Príomhúdar: Diamond, Jared
Formáid: Printed Book
Teanga:English
Foilsithe: London Vintage 2005
Ábhair:
LEADER 00700nam a2200253 a 4500
001 adlib96000001
003 ViArRB
005 20151026132228.0
008 960221s1955 dcuabcdjdbkoqu001 0deng d
020 |a 0-09-9302780 
022
040 |a Adlib 
082 |a 608.1P 
245 |a Guns, germs and steel: a short history of everybody for the last thirteen thousand years 
250
260 |a London  |b Vintage  |c 2005 
300 |a 480p. 
500 |a   
100 |a Diamond, Jared 
700
942 |c BK  |6 _ 
653 |a Popular Science 
999 |c 44251  |d 44251 
952 |0 0  |1 0  |4 0  |6 6081P_DIA  |7 0  |9 56474  |a UL  |b UL  |d 2010-06-16  |l 2  |o 608.1P DIA  |p 00057131  |r 2015-10-01  |s 2015-10-01  |w 2010-06-16  |y BK